000 00943nam a2200265 a 4500
003 CO-ViMGA
005 20230915225027.0
008 071130s2008 sp a j 000 0 spa d
020 _a9788426136473
040 _aCO-ViMGA
_bspa
_cCO-ViMGA
041 1 _heng
082 0 4 _aI305.8
_bT46c
_221
100 1 _aThomas, Pat.
_9729
245 1 3 _aEl color de mi piel :
_bhablemos del racismo /
_cPat Thomas ; con ilustraciones de Lesley Harker ; traducción Maria Lucchetti Bochaca.
260 3 _aBarcelona :
_bEditorial Juventud,
_c2008.
300 _a29 p. ;
_c22 cm.
500 _aGlosario : p. 29.
534 _tThe skin I'm in.
650 1 4 _aEtnología
_v Literatura juvenil.
_9732
650 1 4 _aRacismo
_v Literatura juvenil.
_9730
650 1 4 _aRelaciones internacionales
_v Literatura juvenil.
_9731
700 1 _aHarker, Lesley,
_eil.
_9500
700 1 _aLucchetti Bochaca, Maria,
_etr.
_9733
942 _2ddc
_cBK
999 _c12125
_d12125